000 00725nam a2200253Ia 4500
003 OSt
005 20221005092909.0
006 a|||||r|||| 00| 0
007 ta
008 221004b |||||||| |||| 00| 0 eng d
020 _a0812826825
024 _a41903
037 _cTextual
040 _aCRL
_cCRL
_beng
041 _2eng
_aeng
082 _aO111973,2x, L9
100 _aRichards Stanley Ed.
245 0 _aMost popular plays on the American theatre
_b Ten of broadways longest running plays
260 _aNew York
_bStein and day USA
_c1979
300 _a703p
_ccm.
650 _aENGLISH LITERATURE
942 _hO111973,2x, L9
_cTEXL
_2cc
999 _c999535
_d999535